Megjelent az Irodalmi Szemle májusi száma A cseh/szlovákiai magyar irodalmi lexikon javított, bővített kiadása ...

Bibliographic Details
Main Author: (zsolt) (Author)
Format: Article
Language:Hungarian
Slovak
PhysicalDescription:Fotogr.
Subjects:

MARC

LEADER 00000nab a2200000 a 4500
001 vtls008156674
003 SK-MaSNL
005 20260319070546.0
008 160314c20050518xo |||||| | 000 b|hun
015 |a SNBRB2005/05  |2 snkbucl 
038 |a SNKBUCL 
040 |a DSZK  |b slo  |c DSZK  |e AACR2 
041 0 |a slo 
044 |a xo  |c SK 
080 |a 82:070  |x (=511.141)  |x (437.6)  |2 UDC-MRF-SK2 
080 |a 070.488  |x (=511.141)  |x (437.6)  |2 UDC-MRF-SK2 
100 0 |a (zsolt)  |4 aut  |9 871040 
245 1 0 |a Megjelent az Irodalmi Szemle májusi száma  |b A cseh/szlovákiai magyar irodalmi lexikon javított, bővített kiadása ...  |c [szerző] (zsolt) 
300 |b Fotogr. 
630 0 7 |a Irodalmi Szemle (časopis)  |y 2005  |x č. 5  |2 snkbucl  |9 1078645 
655 7 |a bibliografické prehľady  |2 snkbucl  |9 534643 
773 0 |t Új szó  |g Évf. 58, sz. 114 (18.5.2005), o. 8 
852 |a SNK  |b KIS3GCP 
852 |a DSZK  |b KIS3GCP 
958 |a HU 
958 |a SK 
958 |a LX 
999 |c 1773408  |d 1775338